000 00767nam a2200181 a 4500
008 110905s1995 ||||||||||||||||| || u
020 _a0683036424
050 _aRL 201 Gro
100 _aRoth, Jeffrey
245 1 0 _aCutaneous manifestations of infection in the immunocompromised host
_cMarc E. Grossman with the assistance of Jeffrey Roth
260 _aBaltimore, ML
_bWilliams & Wilkins
_c1995
300 _axvi, 196p.: ill.
350 _a0.00
650 _aSKIN--INFECTIONS--ATLASES
650 _aIMMUNODEFICIENCY--COMPLICATIONS--ATLASES
700 _aGrossman, Marc E
995 _aMEDICAL LIBRARY OPEN ACCESS
_D0.00
_e901070
_FCBU-SCHOOL OF MEDICINE LIBRARY (Ndola)
_H1
_I0.00
_jRL 201 Gro
_M1
_UAVAILABLE
_WOct 11, 2011
_y901070
_ZMedical Library Open Access Collection
999 _c31204
_d31204